=LDR 00000nam 2200000 4500 =001 INLIS000000000018147 =005 20130612113329 =008 ***********************************Ind** =035 ##$$0010-061300000018147 =041 ##$$a Ind =082 ##$$a 636.508 24 =090 ##$$a 636.508 24, Pai m =100 ##$$a Paiman, Farry B =245 ##$$a Membuat dan m,engelola mesin tetas, Farry B. Paiman =260 ##$$a 1996 $b Jakarta =300 ##$$a viii, 98 hlm, ilus, 21 cm =650 ##$$a Mesin Tetas =850 ##$$a NBPNMAT